| 000 | 00633nam a22002057a 4500 | ||
|---|---|---|---|
| 005 | 20260408161428.0 | ||
| 010 | _aENG-148195 | ||
| 020 |
_c550.00 _a9789369587551 |
||
| 035 | _aEN-131727 | ||
| 037 | _bDBAD | ||
| 082 |
_a500 _21 |
||
| 100 | _aMishra, Vishal | ||
| 245 |
_aA Comprehensive Study of Science & Technology/ _cVishal Mishra [and] Satyam Jain |
||
| 250 | _a1 | ||
| 260 |
_aUttar Pradesh _bS Chand and Company Limited _c2025 |
||
| 270 |
_aD-92, Sector-2, Noida _bUttar Pradesh _e201301 _k91-120-4682700 |
||
| 300 |
_a360p. _c25cm(pb) |
||
| 700 |
_aJain, Satyam _eAuthor |
||
| 942 |
_2ddc _cEN _mMIS _h500 |
||
| 999 |
_c215833 _d215833 |
||